| 000 | 00580nam a22001817a 4500 | ||
|---|---|---|---|
| 005 | 20171128105146.0 | ||
| 010 | _aENG-121581 | ||
| 020 |
_a9788192543079 _c300.00 |
||
| 035 | _aEN-105113 | ||
| 037 | _bDBAD/PUB | ||
| 082 | _a144 | ||
| 245 |
_aDeen Dayal upadhyaya's integral humanism : _cedited by Mahesh J. Mehta _bconcept and applications / |
||
| 260 |
_aNew Delhi _bCarried, A Unit of Samarth, a Trust _c1980 |
||
| 270 |
_a7312, Sriniwaspuri _bNew Delhi _e110065 |
||
| 300 |
_a147p, _c22cm(pbk) |
||
| 700 | _aMehta, Mahesh J. | ||
| 942 |
_2ddc _cEN _h144 _mINT |
||
| 999 |
_c147706 _d147706 |
||